Statistics for Hamilton: An American Musical Quiz

Click here to take the quiz!

General Stats

  • This quiz has been taken 372 times
  • The average score is 16 of 20

Answer Stats

HintAnswer% Correct
What is the first song of the musical?Alexander Hamilton
95%
In which song does Hamilton marry Eliza?Helpless
93%
Alexander HamiltonLin-Manuel Miranda
92%
What is King George's first song?You'll Be Back
90%
What is the last song of the musical?Who Lives, Who Dies, Who Tells Your Story
89%
How many songs are in act 2?23
84%
How many songs are in act 1?23
84%
Eliza Schuyler HamiltonPhillipa Soo
84%
Aaron BurrLeslie Odom Jr.
80%
What is the first song of act 2?What'd I Miss
79%
Lafayette/Thomas JeffersonDaveed Diggs
78%
What is his last?I Know Him
78%
In which song does Hamilton die?The World Was Wide Enough
78%
What is his second song?What Comes Next
76%
Angelica Schuyler ChurchRenée Elise Goldsberry
73%
John Laurens/Phillip HamiltonAnthony Ramos
70%
King George IIIJonathan Groff
69%
George WashingtonChristopher Jackson
67%
Peggy Schuyler/Maria ReynoldsJasmine Cephas Jones
63%
Hercules Mulligan/James MadisonOkieriete Onaodowan
50%

Score Distribution

Percentile by Number Answered

Percent of People with Each Score

Your Score History

You have not taken this quiz